Statistiques concernant Philo: Les repères

Cliquez ici pour prendre le quiz!

Statistiques générales

  • Ce quiz a été pris 97 fois
  • Le résultat moyen est 11 sur 31

Statistiques - réponses

Réponse% Correct
AAbsolu/relatif
60%
AAbstrait/concret
60%
IIdéal/réel
60%
EEn fait/en droit
57%
CCroire/savoir
50%
CContingent/nécessaire
47%
UUniversel/general/particulier/singulier
47%
EEn acte/ En puissance
43%
LLégal/légitime
43%
EEssentiel/accidentel
40%
VVrai/probable/certain
40%
OOrigine/fondement
37%
TTranscendant/immanent
37%
EExpliquer/comprendre
33%
GGenre/espece/individu
33%
HHypothèse/conséquence/conclusion
33%
IImpossible/possible
33%
OObjectif/subjectif/intersubjectif
33%
OObligation/contrainte
33%
PPrincipe/cause
33%
AAnalyse/synthese
30%
CConcept/image/métaphore
30%
FFormel/materiel
30%
IIdentité/égalité/différence
30%
MMédiat/immédiat
30%
PPersuader/convaincre
27%
TThéorie/pratique
27%
IIntuitif/discursif
23%
PPublic/privé
23%
RRessemblance/analogie
23%
EExemple/preuve
20%

Distribution des résultats

Percentile par nombre de réponses

% des personnes avec chaque résultat

Votre développement - résultats

Vous n’avez pas pris ce quiz